000 01419nam a2200325 a 4500
003 BLK
005 20250502114418.0
008 200810b bu |||||r|||| 00| 0 bu d
020 _a9786192432652
040 _aBLK
041 _aBUL
_cBUL
080 _aКотки
_b636.8
_z636.8:087.5
_9233791
080 _aИздания за деца и юноши. Книжки-картинки. Читанки. Вж и 372.4
_b087.5
_z087.5
_9231478
100 _aСеканинова, Щепанка
_9425708
245 _aКотките са страхотни, но...
_cЩепанка Секанинова ; ил. Адам Улф ; прев. от англ. Анета Пантелеева
260 _9209461
_aСофия
_bПрозорец
_c2023
_n978-954-733- ; 954-8079-
300 _a40 с.
_bс цв. ил.
_c27 см
380 _aDN
500 _aОриг. загл.: Cats are great but... / Stepanka Sekaninova
650 7 _9159579
_aКотки
650 0 _9243025
_aДетска и юношеска литература
700 _9491617
_aУлф, Адам
700 _9389684
_aПантелеева, Анета Димитрова
852 _aЦб ІІ 32681
_bЦб
852 _bД
_cДН 636/639/С 31 Щ
942 _cKNG
_n0
_08
944 _cКети Илиева
_k30551
_lБояна Костадинова
944 _c2025-01-15
_kМ.Я.
_aED
999 _c505939
_d505939